| 000 | 00799nam a2200241Ia 4500 | ||
|---|---|---|---|
| 003 | OSt | ||
| 005 | 20251027104957.0 | ||
| 008 | 210716s2015 xx 000 0 und d | ||
| 020 | _a9789351197638 | ||
| 040 | _cAIMIT LIBRARY | ||
| 041 | _aeng | ||
| 082 |
_a005.7683 _21 _bCHIP |
||
| 100 |
_aChiusano, Paul. _9242841 |
||
| 245 |
_aFunctional programming in scala / _cBy Paul Chiusano and Runar Bijarnason. |
||
| 250 | _a1st ed. | ||
| 260 |
_aNew Delhi : _bDreamtech Press , _c2015. |
||
| 300 |
_axx,300p. ; _bPB _c24.7 cm |
||
| 650 |
_aIntroduction to functional programming _9242842 |
||
| 650 |
_aFunctional desioign and combinator libraries _9242843 |
||
| 650 |
_aCommon structures in functional design _9242844 |
||
| 700 |
_aBjarnason, Runar. _9242845 |
||
| 942 |
_2ddc _cBK _e1st _k005.7683 CHIP |
||
| 999 |
_c194534 _d194534 |
||